000 00773nam a2200253Ia 4500
003 OSt
005 20220923224647.0
006 a|||||r|||| 00| 0
007 ta
008 220922b |||||||| |||| 00| 0 hin d
024 _a248,627
037 _cTextual
040 _aARTS
_cARTS
_bhin
041 _2hin
_ahin
082 _aO111:g, 152N0
100 _aफिशर, अंर्स्ट
245 0 _aकला की जरुरत
246 _aKalā kī jarurata
260 _aनयी दिल्ली
_b राजकमल
_c1990
300 _a248पृ.
_ccm.
650 _aअंग्रेजी साहित्य
_9156276
942 _hO111:g, 152N0
_cTEXL
_2CC
999 _c372795
_d372795